The Sims 4 - dodatki/pakiety/akcesoria - Statystyki

Ogólne statystyki
  • Ten quiz został rozwiązany 101 razy
    20 od ostatniego zresetowania
  • Średni wynik to 33 z 53
Statystyki odpowiedzi
Rodzaj Nazwa % Poprawnych
Dodatek Cztery pory roku
100%
Dodatek Psy i koty
100%
Dodatek Witaj w pracy
100%
Pakiet rozgrywki Dzień w spa
90%
Dodatek Miejskie życie
90%
Dodatek Spotkajmy się
90%
Dodatek Uniwersytet
90%
Pakiet rozgrywki Być rodzicem
80%
Pakiet rozgrywki Ucieczka w plener
80%
Dodatek Wiejska sielanka
80%
Akcesoria Wielkie pranie
80%
Dodatek Wyspiarskie życie
80%
Dodatek Zakochaj się!
80%
Pakiet rozgrywki Zjedzmy na mieście
80%
Dodatek Zostań gwiazdą
80%
Dodatek Życie eko
80%
Dodatek Czar natury
70%
Akcesoria Kino domowe
70%
Pakiet rozgrywki Kraina magii
70%
Akcesoria Kuchnia na wypasie
70%
Dodatek Licealne lata
70%
Dodatek Śnieżna eskapada
70%
Pakiet rozgrywki Strangerville
70%
Akcesoria Włóczkowe historie
70%
Dodatek Życie i śmierć
70%
Dodatek Do wynajęcia
60%
Akcesoria Kryształowe cudeńka
60%
Akcesoria Mój pierwszy zwierzak
60%
Akcesoria Moschino
60%
Dodatek Przygoda wzywa
60%
Dodatek Ranczo
60%
Akcesoria Romantyczny ogród
60%
Pakiet rozgrywki Ślubne historie
60%
Pakiet rozgrywki Wampiry
60%
Pakiet rozgrywki Wilkołaki
60%
Akcesoria Zabawa na podwórku
60%
Dodatek Dochodowe hobby
50%
Akcesoria Kompaktowe wnętrza
50%
Dodatek Królewskie dziedzictwo
50%
Akcesoria Małe dzieci
50%
Pakiet rozgrywki Przygoda w dżungli
50%
Dodatek Razem raźniej
50%
Akcesoria Upiorności
50%
Akcesoria Wieczór na kręgielni
50%
Akcesoria Styl dawnych lat
40%
Akcesoria Fitness
30%
Akcesoria Perfekcyjne patio
30%
Pakiet rozgrywki Star Wars: Wyprawa na batuu
30%
Pakiet rozgrywki Wystrój marzeń
30%
Akcesoria Zjawiska paranormalne
20%
Akcesoria Domowy kucharz
0%
Akcesoria Pokój dzieciaków
0%
Akcesoria Wytworne przyjęcie
0%
Nie znaleziono quizów pasujących do podanych kryteriów
Rozkład punktacji
Procent ludzi z każdym wynikiem
Percentyl według liczby udzielonych odpowiedzi
Twoja historia wyników
Nie rozwiązałeś tego quizu od ostatniego zresetowania